Peníze za socialismu
Salvato in:
| Autore principale: | |
|---|---|
| Natura: | Libro |
| Lingua: | ceco |
| Pubblicazione: |
Praha
Ekon. ústav ČSAV
1966
|
| Edizione: | 1. vyd. |
| Serie: | Výzkumná publikace
Č.22 |
| Tags: |
Nessun Tag, puoi essere il primo ad aggiungerne!!
|
MARC
| LEADER | 00000nam a2200000 4500 | ||
|---|---|---|---|
| 001 | c033883 | ||
| 005 | 20250606122309.8 | ||
| 041 | 0 | |a cze | |
| 044 | |a CZ | ||
| 245 | 1 | 0 | |a Peníze za socialismu |c Ota Šik |
| 250 | |a 1. vyd. | ||
| 264 | 1 | |a Praha |b Ekon. ústav ČSAV |c 1966 | |
| 300 | |a 57 s. | ||
| 490 | 1 | |a Výzkumná publikace |v Č.22 | |
| 830 | 0 | |a Výzkumná publikace |v Č.22 | |
| 100 | 1 | |a Šik, Ota | |